La visión imperial frente a la autodeterminación: El caso de Nicaragua /

Gespeichert in:
Bibliographische Detailangaben
1. Verfasser: González, Fernando
Format: Text
Tags: Tag hinzufügen
Keine Tags, Fügen Sie den ersten Tag hinzu!

MARC

LEADER 00000 a a2200000 04500
001 45347
003
040
090 |a REV0780 (18)1986  
100 |a González, Fernando  
245 |a La visión imperial frente a la autodeterminación:   |b El caso de Nicaragua /  |c Fernando González  
773 |g número18, III Epoca, (enero - junio, 1986), páginas 89-93  
999 |c 31011  |d 31011